000 00964cab a2200301 4500
001 ABS57602
008 090401t1997 xxu||||| |||| 00| 0 eng d
035 _a(Sirsi) u80824
041 _aeng
100 _aKruse, J.
245 _aPenalties of parking
260 _c1997
350 _a0
490 _aLegal Action
_vSeptember 1997, 20-21(2)
520 _aExamines recent developments in the law of parking control, local authority penalty charge notices and wheel clamping on private property. Case law.
650 _aARTHUR V ANKER
650 _aBAILIFFS
650 _aENFORCEMENT OF ROAD TARFFIC DEBTS ORDER 1993
650 _aENFORCEMENT OF ROAD TRAFFIC DEBTS (CERTIFICATED BAILIFSS) REGULATIONS
650 _aLOCAL AUTHORITIES
650 _aPARKING PENALTIES
650 _aPARKING
650 _aROAD TRAFFIC ACT 1991
650 _aWHEEL CLAMPING
690 _aHIGHWAYS RIGHTS OF WAY AND EASEMENTS
942 _n0
948 _c12/09/1997
999 _c50904
_d50904